Алгоритм синхронизации несинхронно работающих частей энергосистемы в паузе автоматического повторного включения; Энергетика: экология, надежность, безопасность

التفاصيل البيبلوغرافية
Parent link:Энергетика: экология, надежность, безопасность.— 2007.— С. 5-7
المؤلف الرئيسي: Абеуов Р. Б. Ренат Болтабаевич
اللغة:الروسية
منشور في: 2007
الموضوعات:
التنسيق: MixedMaterials فصل الكتاب
KOHA link:https://koha.lib.tpu.ru/cgi-bin/koha/opac-detail.pl?biblionumber=201886

MARC

LEADER 00000naa2a2200000 4500
001 201886
005 20240405064754.0
035 |a (RuTPU)RU\TPU\book\220029 
035 |a RU\TPU\book\159959 
090 |a 201886 
100 |a 20111003d2007 k y0rusy50 ca 
101 0 |a rus 
102 |a RU 
200 1 |a Алгоритм синхронизации несинхронно работающих частей энергосистемы в паузе автоматического повторного включения  |f Р. Б. Абеуов 
320 |a Библиогр.: 3 назв. 
463 0 |0 (RuTPU)RU\TPU\book\168913  |t Энергетика: экология, надежность, безопасность  |o материалы докладов тринадцатой Всероссийской научно-технической конференции  |f Томский политехнический университет (ТПУ) ; Томская область, Администрация ; Международная энергетическая академия ; Международная академия наук экологии и безопасности жизнедеятельности (МАНЭБ)  |v С. 5-7  |d 2007  |p 372 с. 
610 1 |a труды учёных ТПУ 
700 1 |a Абеуов  |b Р. Б.  |c специалист в области электроэнергетики  |c доцент Томского политехнического университета, кандидат технических наук  |f 1979-  |g Ренат Болтабаевич  |y Томск  |3 (RuTPU)RU\TPU\pers\27227  |9 12691 
801 1 |a RU  |b 63413507  |c 20081117  |g PSBO 
801 2 |a RU  |b 63413507  |c 20111003  |g RCR 
942 |c BK